[Event "ITA-chTA 53rd"]
[Site "Montesilvano"]
[Date "2022.04.22"]
[Round "5.2"]
[White "Bettalli, Francesco"]
[Black "De Florio, Federico"]
[Result "1-0"]
[WhiteElo "2287"]
[BlackElo "2248"]
[PlyCount "79"]
[EventDate "2022.04.19"]
[EventType "team-tourn"]
[EventRounds "7"]
[EventCountry "ITA"]
[SourceTitle "CBM 207 Extra"]
[Source "ChessBase"]
[SourceDate "2022.05.31"]
[SourceVersion "1"]
[SourceVersionDate "2022.05.31"]
[SourceQuality "1"]
[WhiteTeam "Rome Arrocco"]
[BlackTeam "Savona"]
[WhiteTeamCountry "ITA"]
[BlackTeamCountry "ITA"]

1. e4 c6 2. d4 d5 3. exd5 cxd5 4. Bd3 Nc6 5. c3 Qc7 6. Ne2 Bg4 7. 0-0 e6 8. Qe1 Bxe2 9. Qxe2 Bd6 10. g3 Nge7 11. f4 h5 12. Nd2 h4 13. Nf3 hxg3 14. hxg3 g6 15. Kg2 0-0-0 16. Bd2 Nf5 17. Rh1 Qe7 18. Rae1 Qf6 19. g4 Nfe7 20. Ne5 Qg7 21. b4 g5 22. b5 Nxe5 23. fxe5 Bc7 24. Qe3 Rh4 25. Rxh4 gxh4 26. Qg5 Rg8 27. Qxg7 Rxg7 28. Kh3 Bd8 29. Bh6 Rg8 30. Rf1 Nf5 31. Bxf5 exf5 32. Rxf5 Rg6 33. g5 Ba5 34. Rxf7 Bxc3 35. Rf4 Kd7 36. Kxh4 a6 37. Kh5 Rg8 38. bxa6 bxa6 39. g6 Ke8 40. g7 1-0

[Event "ITA-chTA 53rd"]
[Site "Montesilvano"]
[Date "2022.04.19"]
[Round "1.2"]
[White "De Florio, Federico"]
[Black "De Eccher, Stefano"]
[Result "1-0"]
[WhiteElo "2248"]
[BlackElo "2198"]
[PlyCount "130"]
[EventDate "2022.04.19"]
[EventType "team-tourn"]
[EventRounds "7"]
[EventCountry "ITA"]
[SourceTitle "CBM 207 Extra"]
[Source "ChessBase"]
[SourceDate "2022.05.31"]
[SourceVersion "1"]
[SourceVersionDate "2022.05.31"]
[SourceQuality "1"]
[WhiteTeam "Savona"]
[BlackTeam "Canal Cib Unigas"]
[WhiteTeamCountry "ITA"]
[BlackTeamCountry "ITA"]

1. d4 d5 2. Nf3 Nf6 3. c4 c6 4. e3 Bf5 5. Nc3 e6 6. Qb3 Qb6 7. Bd2 Nbd7 8. c5 Qc7 9. Rc1 Be7 10. Be2 h6 11. 0-0 0-0 12. Qd1 e5 13. b4 Rfe8 14. b5 Ne4 15. Nxe4 Bxe4 16. Qa4 exd4 17. exd4 Bf6 18. Be3 Nf8 19. Nd2 Bf5 20. Rfd1 Ne6 21. Nb3 Nf4 22. Bf1 Bg5 23. bxc6 bxc6 24. Na5 Re6 25. Rc3 Rae8 26. Rd2 Be4 27. Rb2 Rg6 28. g3 Qc8 29. Qa3 Nh3+ 30. Bxh3 Qxh3 31. f4 Bh4 32. Bc1 Bf6 33. Nxc6 Qh5 34. Rd2 Re6 35. Ne5 Bxe5 36. dxe5 d4 37. Rb3 d3 38. Rbxd3 Bxd3 39. Qxd3 Re8 40. Bb2 Qg4 41. Qd7 Rge6 42. Qd5 h5 43. Kg2 h4 44. Qf3 Qxf3+ 45. Kxf3 hxg3 46. hxg3 Rc8 47. Bd4 Kf8 48. f5 Ra6 49. g4 Ke7 50. Rc2 g6 51. Rb2 Rc7 52. Be3 gxf5 53. gxf5 Ra3 54. Ke4 Kd7 55. Rd2+ Ke8 56. Bg5 Ra4+ 57. Kf3 Ra3+ 58. Kg4 Rd7 59. Re2 Rd4+ 60. Bf4 Raa4 61. Rf2 Rac4 62. Kg5 Re4 63. Rf3 Rxc5 64. Rb3 Rc7 65. Rb8+ Ke7 1-0

[Event "Presolana op 31st"]
[Site "Presolana"]
[Date "2011.08.26"]
[Round "7"]
[White "De Florio, Federico"]
[Black "Krzyzanowski, Marcin"]
[Result "0-1"]
[WhiteElo "2176"]
[BlackElo "2370"]
[PlyCount "106"]
[EventDate "2011.08.20"]
[EventType "swiss"]
[EventRounds "9"]
[EventCountry "ITA"]
[SourceTitle "CBM 144 Extra"]
[Source "ChessBase"]
[SourceDate "2011.10.28"]
[SourceVersion "1"]
[SourceVersionDate "2011.10.28"]
[SourceQuality "1"]

1. d4 d5 2. Nf3 Nf6 3. c4 c6 4. e3 Bf5 5. Nc3 e6 6. Qb3 Qc7 7. Bd2 Nbd7 8. Rc1 Qb6 9. Be2 h6 10. 0-0 Be7 11. Rfd1 0-0 12. Na4 Qxb3 13. axb3 Ne4 14. Be1 Rfe8 15. cxd5 exd5 16. b4 a6 17. Nc5 Rab8 18. h3 Nb6 19. b3 Nd6 20. g4 Bh7 21. Ne5 Rbd8 22. Nxb7 Nxb7 23. Bxa6 Nd6 24. Nxc6 Ra8 25. Nxe7+ Rxe7 26. b5 Re6 27. Rc6 Ne8 28. Rdc1 Bd3 29. Rxe6 fxe6 30. Rc6 Rb8 31. Ba5 Nd7 32. Rxe6 Kf7 33. Rc6 Bxb5 34. Bxb5 Rxb5 35. b4 Ke7 36. f3 Nd6 37. Bd8+ Kxd8 38. Rxd6 Ke7 39. Rg6 Kf7 40. Rd6 Nf6 41. h4 g5 42. h5 Rxb4 43. Kf2 Ke7 44. Ra6 Rb7 45. Ke2 Rd7 46. f4 gxf4 47. exf4 Nxg4 48. Rg6 Nf6 49. Rxh6 Ke6 50. Rg6 Rh7 51. Rg5 Rxh5 52. Re5+ Rxe5+ 53. dxe5 Nh5 0-1

[Event "Bratto op 31st"]
[Site "Bratto"]
[Date "2011.08.25"]
[Round "6"]
[White "Osuna Munoz, Xavier"]
[Black "De Florio, Federico"]
[Result "0-1"]
[WhiteElo "2104"]
[BlackElo "2176"]
[PlyCount "48"]
[EventDate "2011.08.20"]
[EventType "swiss"]
[EventRounds "9"]
[EventCountry "ITA"]
[SourceTitle "EXT 2022"]
[Source "ChessBase"]
[SourceDate "2021.10.06"]
[SourceVersion "1"]
[SourceVersionDate "2021.10.06"]
[SourceQuality "1"]

1. e4 c6 2. d3 d5 3. Nd2 dxe4 4. dxe4 g6 5. Bc4 Bg7 6. Ngf3 Nf6 7. a4 a5 8. Qe2 0-0 9. 0-0 Qc7 10. Re1 Nh5 11. Nf1 Nf4 12. Qe3 Ne6 13. Ng3 Na6 14. c3 Nac5 15. h4 b6 16. h5 Ba6 17. Ba2 Rad8 18. Bb1 Nd3 19. Rf1 Nef4 20. Bxd3 Nxd3 21. Nd4 e5 22. Ndf5 gxf5 23. Nxf5 Nf4 24. Re1 Rd3 0-1

[Event "Bratto op 31st"]
[Site "Bratto"]
[Date "2011.08.21"]
[Round "2"]
[White "Radice, Luca"]
[Black "De Florio, Federico"]
[Result "0-1"]
[WhiteElo "2021"]
[BlackElo "2176"]
[PlyCount "72"]
[EventDate "2011.08.20"]
[EventType "swiss"]
[EventRounds "9"]
[EventCountry "ITA"]
[SourceTitle "EXT 2022"]
[Source "ChessBase"]
[SourceDate "2021.10.06"]
[SourceVersion "1"]
[SourceVersionDate "2021.10.06"]
[SourceQuality "1"]

1. d4 d5 2. c4 e6 3. Nc3 Nf6 4. Bg5 Be7 5. e3 c6 6. Nf3 Nbd7 7. Qc2 0-0 8. Rd1 b6 9. Bd3 Bb7 10. 0-0 Rc8 11. Ne5 h6 12. Bh4 a6 13. a3 dxc4 14. Bxc4 Nd5 15. Bxe7 Qxe7 16. Ne4 Rfd8 17. Qe2 Nb8 18. Bd3 f5 19. Nd2 c5 20. Ndf3 b5 21. Bb1 Nf6 22. Ng6 Qe8 23. Nfe5 Nbd7 24. dxc5 Nxe5 25. Nxe5 Rxc5 26. Nf3 Bd5 27. b4 Rc3 28. Qb2 Rdc8 29. Nd4 Qg6 30. f3 Rxe3 31. Nxf5 exf5 32. Rxd5 Nxd5 33. Ba2 Qe6 34. h4 Re1 35. Rxe1 Qxe1+ 36. Kh2 Qe6 0-1

[Event "ITA-ch sf 70th"]
[Site "Torino"]
[Date "2010.06.25"]
[Round "7"]
[White "De Florio, Federico"]
[Black "Bentivegna, Francesco"]
[Result "1/2-1/2"]
[WhiteElo "2171"]
[BlackElo "2343"]
[PlyCount "93"]
[EventDate "2010.06.20"]
[EventType "swiss"]
[EventRounds "9"]
[EventCountry "ITA"]
[SourceTitle "CBM 137 Extra"]
[Source "ChessBase"]
[SourceDate "2010.09.01"]
[SourceVersion "1"]
[SourceVersionDate "2010.09.01"]
[SourceQuality "1"]

1. d4 Nf6 2. Nf3 d5 3. e3 c5 4. c3 Nbd7 5. Nbd2 g6 6. Bd3 Bg7 7. 0-0 0-0 8. Re1 b6 9. e4 cxd4 10. cxd4 dxe4 11. Nxe4 Bb7 12. Bd2 Nxe4 13. Bxe4 Bxe4 14. Rxe4 Nf6 15. Re1 Qd7 16. Rc1 Rac8 17. Qb3 e6 18. h3 Rxc1 19. Rxc1 Rc8 20. Rc4 Rxc4 21. Qxc4 b5 22. Qc2 h6 23. Bf4 Nd5 24. Be5 Nb6 25. Bxg7 Kxg7 26. b3 Nd5 27. Qc5 a5 28. Ne5 Qb7 29. Nc6 a4 30. Qd6 Qc7 31. Qc5 axb3 32. axb3 b4 33. g3 g5 34. Kg2 h5 35. Ne5 Qxc5 36. dxc5 Kf6 37. Nd3 e5 38. Kf3 Ke6 39. g4 hxg4+ 40. hxg4 f5 41. gxf5+ Kxf5 42. Kg3 Ke4 43. Nb2 Kd4 44. Na4 Nc7 45. Kg4 Kd5 46. Kxg5 Nb5 47. Kf6 1/2-1/2

[Event "ITA-ch sf 70th"]
[Site "Torino"]
[Date "2010.06.24"]
[Round "6"]
[White "Saccona, Silvano"]
[Black "De Florio, Federico"]
[Result "0-1"]
[WhiteElo "2230"]
[BlackElo "2171"]
[PlyCount "102"]
[EventDate "2010.06.20"]
[EventType "swiss"]
[EventRounds "9"]
[EventCountry "ITA"]
[SourceTitle "CBM 137 Extra"]
[Source "ChessBase"]
[SourceDate "2010.09.01"]
[SourceVersion "1"]
[SourceVersionDate "2010.09.01"]
[SourceQuality "1"]

1. d4 d5 2. Nf3 Nf6 3. c4 e6 4. Nc3 c6 5. cxd5 exd5 6. e3 Bd6 7. Qc2 Qe7 8. Be2 0-0 9. 0-0 Nbd7 10. Rd1 Ne4 11. Nxe4 dxe4 12. Nd2 Nf6 13. g3 Re8 14. Bf1 Bg4 15. Re1 h5 16. Bg2 Rad8 17. Nc4 Bb8 18. b3 h4 19. Bb2 Nd5 20. a3 Qe6 21. Nd2 Bf5 22. Nf1 Qh6 23. Ra2 Rd6 24. Bc1 Qh5 25. b4 a6 26. Rb2 Rh6 27. a4 hxg3 28. fxg3 Bd6 29. Qc4 Be6 30. Qc2 Bxb4 31. Bd2 a5 32. Qxe4 Bd7 33. Qd3 Bxd2 34. Qxd2 Nb4 35. Rb3 Bh3 36. Rc3 Bxg2 37. Qxg2 b6 38. Rb3 Rd6 39. Rc3 Rxd4 40. Rec1 Rd1 41. g4 Qd5 42. Qg3 Rxc1 43. Rxc1 Qe5 44. Qxe5 Rxe5 45. Nd2 c5 46. Kg2 Kf8 47. Kf3 Re6 48. h4 Nd3 49. Rb1 Ne5+ 50. Kf4 Ng6+ 51. Kf5 Re5# 0-1

[Event "ITA-ch sf 70th"]
[Site "Torino"]
[Date "2010.06.23"]
[Round "4"]
[White "De Florio, Federico"]
[Black "Grinza, Andrea"]
[Result "1-0"]
[WhiteElo "2171"]
[BlackElo "2255"]
[PlyCount "111"]
[EventDate "2010.06.20"]
[EventType "swiss"]
[EventRounds "9"]
[EventCountry "ITA"]
[SourceTitle "CBM 137 Extra"]
[Source "ChessBase"]
[SourceDate "2010.09.01"]
[SourceVersion "1"]
[SourceVersionDate "2010.09.01"]
[SourceQuality "1"]

1. Nf3 d5 2. d4 c6 3. e3 Bg4 4. c4 e6 5. Qb3 Qb6 6. Ne5 Bh5 7. Nc3 f6 8. Nd3 Nd7 9. Bd2 Ne7 10. Nf4 Bf7 11. cxd5 Qxb3 12. axb3 exd5 13. Be2 Ng6 14. Nd3 Bd6 15. 0-0 0-0 16. b4 a6 17. Na4 Rab8 18. Rfc1 Rfe8 19. Nac5 Nb6 20. b3 f5 21. Bf1 Ne7 22. f4 Red8 23. Ne5 Na8 24. Bd3 Bxe5 25. fxe5 Nc7 26. Rf1 Ne6 27. Be1 g6 28. Bh4 Nxc5 29. bxc5 Re8 30. Ra4 Rbc8 31. Ra2 Be6 32. Raf2 Rc7 33. Bg5 Rf8 34. g4 Kg7 35. Bxe7 Rxe7 36. gxf5 gxf5 37. Bxf5 Bxf5 38. Rxf5 Rxf5 39. Rxf5 b5 40. b4 a5 41. bxa5 Ra7 42. Rf6 Ra6 43. Kf1 h5 44. h4 b4 45. Ke2 b3 46. Kd2 Rxa5 47. Kc3 Ra3 48. Rxc6 b2+ 49. Kxb2 Rxe3 50. Rd6 Re4 51. Rxd5 Rxh4 52. c6 Rh2+ 53. Kb3 Rh3+ 54. Kb4 Rh1 55. c7 Rb1+ 56. Ka3 1-0

[Event "Bratto op-A 28th"]
[Site "Bratto"]
[Date "2008.08.28"]
[Round "7"]
[White "Bellavita, Guido"]
[Black "De Florio, Federico"]
[Result "1/2-1/2"]
[WhiteElo "2101"]
[BlackElo "2106"]
[PlyCount "58"]
[EventDate "2008.08.22"]
[EventType "swiss"]
[EventRounds "9"]
[EventCountry "ITA"]
[SourceTitle "CBM 126 Extra"]
[Source "ChessBase"]
[SourceDate "2008.11.05"]
[SourceVersion "1"]
[SourceVersionDate "2008.11.05"]
[SourceQuality "1"]

1. c4 Nf6 2. Nc3 c6 3. d4 d5 4. cxd5 cxd5 5. Bf4 Nc6 6. e3 e6 7. Nf3 Bb4 8. Bd3 Ne4 9. Bxe4 dxe4 10. Nd2 f5 11. 0-0 0-0 12. Qb3 Bxc3 13. Qxc3 g5 14. Be5 Nxe5 15. dxe5 Bd7 16. Qb3 Qe7 17. Qxb7 Rfb8 18. Qc7 Rxb2 19. Nb3 Rc8 20. Qxa7 Qe8 21. Nd4 Ra8 22. Qc7 Rab8 23. a4 f4 24. a5 f3 25. a6 fxg2 26. Kxg2 Bb5 27. Nxb5 R2xb5 28. a7 Ra8 29. Rab1 Qf8 1/2-1/2

[Event "Bratto op-A 28th"]
[Site "Bratto"]
[Date "2008.08.27"]
[Round "6"]
[White "De Florio, Federico"]
[Black "Parodi, Alessandro"]
[Result "1-0"]
[WhiteElo "2106"]
[BlackElo "2053"]
[PlyCount "95"]
[EventDate "2008.08.22"]
[EventType "swiss"]
[EventRounds "9"]
[EventCountry "ITA"]
[SourceTitle "CBM 126 Extra"]
[Source "ChessBase"]
[SourceDate "2008.11.05"]
[SourceVersion "1"]
[SourceVersionDate "2008.11.05"]
[SourceQuality "1"]

1. d4 Nf6 2. Nf3 g6 3. Bg5 Bg7 4. Nbd2 0-0 5. e3 d6 6. Be2 b6 7. c3 Bb7 8. 0-0 Nbd7 9. Qb3 c5 10. Rfd1 d5 11. a4 Re8 12. a5 e5 13. Nxe5 Nxe5 14. dxe5 Rxe5 15. Bf4 Re6 16. Bf3 Qe7 17. h3 Kh8 18. Be2 Nh5 19. Bh2 Be5 20. Bxe5+ Rxe5 21. axb6 c4 22. Qa3 Qxa3 23. Rxa3 a6 24. Bf3 Rb8 25. Ra5 f6 26. e4 Nf4 27. exd5 Bxd5 28. Rxa6 Bxf3 29. Nxf3 Re6 30. Rd7 Rexb6 31. Raa7 Rxb2 32. Rxh7+ Kg8 33. Rhg7+ Kh8 34. Nh4 Ra2 35. Rh7+ Kg8 36. Rag7+ Kf8 37. Nxg6+ Nxg6 38. Rxg6 Rb1+ 39. Kh2 Rxf2 40. Rc7 Rf4 41. Kg3 Rbf1 42. Rg4 Rf5 43. Rgxc4 Re5 44. Rf4 Rg5+ 45. Rg4 Re5 46. Rb4 Re3+ 47. Kg4 Rf2 48. Rb8+ 1-0

[Event "Bratto op-A 28th"]
[Site "Bratto"]
[Date "2008.08.26"]
[Round "5"]
[White "Podini, Francesco"]
[Black "De Florio, Federico"]
[Result "1-0"]
[WhiteElo "2051"]
[BlackElo "2106"]
[PlyCount "109"]
[EventDate "2008.08.22"]
[EventType "swiss"]
[EventRounds "9"]
[EventCountry "ITA"]
[SourceTitle "CBM 126 Extra"]
[Source "ChessBase"]
[SourceDate "2008.11.05"]
[SourceVersion "1"]
[SourceVersionDate "2008.11.05"]
[SourceQuality "1"]

1. e4 c6 2. c4 d5 3. cxd5 cxd5 4. exd5 Nf6 5. Nc3 Nxd5 6. Nf3 Nc6 7. Bc4 e6 8. 0-0 Be7 9. d4 0-0 10. Re1 Nb6 11. Bb3 Bf6 12. Be3 g6 13. Ne4 Bg7 14. Qd2 a5 15. a3 a4 16. Ba2 Nd5 17. Bh6 b6 18. Rac1 Bb7 19. Bxg7 Kxg7 20. h4 h6 21. h5 g5 22. Ne5 Nxe5 23. dxe5 Nf4 24. Nd6 Bxg2 25. Bb1 Ra5 26. Rc3 Rc5 27. Rg3 f6 28. Qxf4 fxe5 29. Qe3 Qxd6 30. Rxg2 Rf4 31. Rg3 Qd4 32. Qe2 e4 33. Bxe4 Re5 34. Re3 Rh4 35. Rd1 Qc5 36. Rd7+ Kf6 37. Bg6 Qc1+ 38. Rd1 Qc6 39. Qf3+ Qxf3 40. Rxf3+ Rf4 41. Rxf4+ gxf4 42. Rd4 Kg5 43. Rxa4 Kg4 44. Kg2 Re2 45. Rb4 e5 46. Be4 Re1 47. Rxb6 Kxh5 48. Kf3 Kg5 49. Rg6+ Kh5 50. Re6 Kh4 51. Rxh6+ Kg5 52. Rg6+ Kh4 53. Rh6+ Kg5 54. Rg6+ Kh4 55. b4 1-0

[Event "Bratto op-A 28th"]
[Site "Bratto"]
[Date "2008.08.25"]
[Round "4"]
[White "De Florio, Federico"]
[Black "Cugini, Verter"]
[Result "1-0"]
[WhiteElo "2106"]
[BlackElo "2167"]
[PlyCount "145"]
[EventDate "2008.08.22"]
[EventType "swiss"]
[EventRounds "9"]
[EventCountry "ITA"]
[SourceTitle "CBM 126 Extra"]
[Source "ChessBase"]
[SourceDate "2008.11.05"]
[SourceVersion "1"]
[SourceVersionDate "2008.11.05"]
[SourceQuality "1"]

1. d4 d6 2. Nf3 Nf6 3. Bg5 Nbd7 4. Nbd2 h6 5. Bh4 g6 6. e3 Bg7 7. Be2 0-0 8. 0-0 c5 9. c3 b6 10. Qb3 Bb7 11. a4 Qc7 12. Rfd1 e5 13. dxe5 dxe5 14. Nc4 g5 15. Bg3 Ne4 16. Nfd2 Nxg3 17. hxg3 e4 18. Nf1 Rad8 19. Nd6 Ne5 20. Nf5 c4 21. Qc2 a6 22. g4 Rxd1 23. Rxd1 Re8 24. Nd6 Re6 25. Nxb7 Qxb7 26. Rd8+ Bf8 27. Rd4 b5 28. Rxe4 Bc5 29. Ng3 Qd5 30. Nf5 Nd3 31. Rxe6 fxe6 32. Bf3 Qd7 33. Nd4 bxa4 34. Bc6 Qc7 35. Bxa4 Bxd4 36. cxd4 Kg7 37. Qc3 Qe7 38. f3 h5 39. gxh5 g4 40. Bd1 g3 41. f4 Qf6 42. d5 Qxc3 43. bxc3 exd5 44. Bf3 d4 45. exd4 Nxf4 46. d5 a5 47. d6 a4 48. d7 Ne6 49. Bd5 Nd8 50. Bxc4 Kh6 51. Kf1 Kxh5 52. Ke2 Kg5 53. Kd2 Kf4 54. Kc2 Ke3 55. Bd5 a3 56. Kb3 Kd3 57. c4 Kd4 58. Kxa3 Kc5 59. Ka4 Kd6 60. Kb5 Kxd7 61. c5 Kc7 62. Kc4 Nc6 63. Bxc6 Kxc6 64. Kd4 Kc7 65. Ke4 Kc6 66. Kf3 Kxc5 67. Kxg3 Kd6 68. Kf4 Ke7 69. Ke5 Kf8 70. Kf6 Kg8 71. g4 Kf8 72. g5 Kg8 73. Kg6 1-0

[Event "Bratto op-A 28th"]
[Site "Bratto"]
[Date "2008.08.24"]
[Round "3"]
[White "Tomba, Ivan"]
[Black "De Florio, Federico"]
[Result "1-0"]
[WhiteElo "2309"]
[BlackElo "2106"]
[PlyCount "75"]
[EventDate "2008.08.22"]
[EventType "swiss"]
[EventRounds "9"]
[EventCountry "ITA"]
[SourceTitle "CBM 126 Extra"]
[Source "ChessBase"]
[SourceDate "2008.11.05"]
[SourceVersion "1"]
[SourceVersionDate "2008.11.05"]
[SourceQuality "1"]

1. e4 c6 2. d4 d5 3. Nc3 dxe4 4. Nxe4 Nd7 5. Nf3 Ngf6 6. Bd3 Nxe4 7. Bxe4 Nf6 8. Bd3 Bg4 9. c3 e6 10. h3 Bh5 11. Bg5 Be7 12. Qe2 a5 13. g4 Bg6 14. Bxg6 hxg6 15. 0-0-0 a4 16. a3 Ra5 17. Ne5 Rb5 18. h4 Rb3 19. Bxf6 gxf6 20. Nd3 Bxa3 21. bxa3 Rxc3+ 22. Kd2 Rxa3 23. Qe4 Qa5+ 24. Ke2 Ra2+ 25. Kf3 Rc2 26. Nc5 Rc3+ 27. Kg2 Kf8 28. Nxb7 Qb4 29. Nd8 Qb6 30. Nxe6+ fxe6 31. Qxe6 Qd8 32. d5 Qe7 33. Rhe1 Qxe6 34. dxe6 Ke7 35. Rd7+ Ke8 36. Ra7 Rxh4 37. e7 Rxg4+ 38. Kf1 1-0

[Event "ITA-ch sf"]
[Site "Saint Vincent"]
[Date "2008.07.22"]
[Round "3"]
[White "De Florio, Federico"]
[Black "Rettore, Ludwig"]
[Result "1-0"]
[WhiteElo "2106"]
[BlackElo "2230"]
[PlyCount "51"]
[EventDate "2008.07.19"]
[EventType "swiss"]
[EventRounds "9"]
[EventCountry "ITA"]
[SourceTitle "EXT 2009"]
[Source "ChessBase"]
[SourceDate "2008.11.26"]
[SourceVersion "1"]
[SourceVersionDate "2008.11.26"]
[SourceQuality "1"]

1. d4 c5 2. e3 Nf6 3. Nf3 cxd4 4. exd4 d5 5. Bd3 e6 6. Bf4 Qb6 7. Nc3 a6 8. 0-0 Qxb2 9. Na4 Qb4 10. c3 Qa5 11. Qc2 Nbd7 12. Ne5 Be7 13. c4 Nxe5 14. dxe5 Nd7 15. cxd5 Qxd5 16. Rfd1 Qa5 17. Rac1 h6 18. Nb2 0-0 19. Nc4 Qc7 20. Qe2 Nc5 21. Nd6 Qa5 22. Bd2 Qc7 23. Bb4 b6 24. Bxc5 bxc5 25. Qe4 g6 26. Qxa8 1-0

[Event "ITA-ch sf"]
[Site "Saint Vincent"]
[Date "2008.07.22"]
[Round "4"]
[White "Vezzosi, Paolo"]
[Black "De Florio, Federico"]
[Result "1-0"]
[WhiteElo "2352"]
[BlackElo "2106"]
[PlyCount "57"]
[EventDate "2008.07.19"]
[EventType "swiss"]
[EventRounds "9"]
[EventCountry "ITA"]
[SourceTitle "EXT 2009"]
[Source "ChessBase"]
[SourceDate "2008.11.26"]
[SourceVersion "1"]
[SourceVersionDate "2008.11.26"]
[SourceQuality "1"]

1. d4 d5 2. c4 e6 3. Nc3 Nf6 4. Bg5 Be7 5. e3 c6 6. Nf3 Nbd7 7. Qc2 0-0 8. Rd1 a6 9. cxd5 exd5 10. Bd3 Re8 11. 0-0 h6 12. Bf4 Nf8 13. h3 Ne6 14. Bh2 Ng5 15. Ne5 Bd6 16. f3 Qe7 17. Kh1 c5 18. f4 Ne6 19. dxc5 Bxc5 20. Nxd5 Nxd5 21. Bh7+ Kh8 22. Rxd5 Bxe3 23. Bg6 Rf8 24. Bxf7 Qxf7 25. Nxf7+ Rxf7 26. f5 Bg5 27. h4 Be7 28. Re1 Nf8 29. Qc7 1-0

[Event "ITA-ch sf"]
[Site "Saint Vincent"]
[Date "2008.07.19"]
[Round "1"]
[White "De Florio, Federico"]
[Black "Cocchi, Andrea"]
[Result "0-1"]
[WhiteElo "2106"]
[BlackElo "2323"]
[PlyCount "118"]
[EventDate "2008.07.19"]
[EventType "swiss"]
[EventRounds "9"]
[EventCountry "ITA"]
[SourceTitle "EXT 2009"]
[Source "ChessBase"]
[SourceDate "2008.11.26"]
[SourceVersion "1"]
[SourceVersionDate "2008.11.26"]
[SourceQuality "1"]

1. d4 d5 2. Nf3 Nf6 3. e3 g6 4. Bd3 Bg7 5. b3 c5 6. Bb2 0-0 7. 0-0 cxd4 8. exd4 Nc6 9. a3 b6 10. Nbd2 Bb7 11. Re1 e6 12. b4 Rc8 13. Nb3 Qc7 14. b5 Ne7 15. Ne5 Ne4 16. a4 Nd6 17. Ba3 Nc4 18. Bb4 Rfe8 19. Qe2 Nf5 20. c3 Nfd6 21. Rac1 Nxe5 22. dxe5 Ne4 23. f3 Nc5 24. Nxc5 bxc5 25. Ba3 Qa5 26. Qc2 c4 27. Bf1 a6 28. Rb1 Bf8 29. Bxf8 Rxf8 30. Red1 Qc7 31. Re1 Rfd8 32. Qf2 axb5 33. Rxb5 Bc6 34. Rb4 Ra8 35. Qc5 Rdc8 36. Reb1 Qxe5 37. Rxc4 Bd7 38. Qd4 Qxd4+ 39. Rxd4 Rxc3 40. Ra1 Rc5 41. Be2 Kf8 42. Rb4 Rca5 43. Bd1 Ke7 44. Kf2 Kd6 45. Ke3 R8a7 46. Bb3 Kc5 47. Rf4 Bc6 48. Rc1+ Kd6 49. Ra1 Rb7 50. Bc2 f5 51. Rh4 e5 52. Kd2 e4 53. g4 f4 54. Ra3 Ke5 55. Rc3 Bxa4 56. Bxe4 dxe4 57. fxe4 Rab5 58. Rc4 Rb2+ 59. Kc1 Rb1+ 0-1